Brockhaus ABC : Wirtschaft

Guardado en:
Detalles Bibliográficos
Formato: Libro
Lenguaje:alemán
Publicado: Leipzig Brockhaus 1974
Etiquetas: Agregar Etiqueta
Sin Etiquetas, Sea el primero en etiquetar este registro!

MARC

LEADER 00000nam a2200000 4500
001 c120556
005 20250708090525.9
041 0 |a ger 
044 |a DE 
245 1 0 |a Brockhaus ABC : Wirtschaft 
264 1 |a Leipzig  |b Brockhaus  |c 1974 
300 |a S. 637-1273